000 00396nam a2200169Ia 4500
005 20240823043651.0
008 240823s9999||||xx |||||||||||||| ||und||
041 _aENGLISH
082 _A4
100 _aKing Book
245 0 _aMCA Entrance Exam
250 _a1st
260 _c1997
_b"King Books,Delhi"
500 _aTRANSFERED
650 _aComputer
_bComputer Applications
942 _cBK
999 _c210761
_d210761